<?xml version="1.0" encoding="UTF-8"?><?xml-stylesheet type="text/xsl" href="static/style.xsl"?><OAI-PMH xmlns="http://www.openarchives.org/OAI/2.0/" xmlns:xsi="http://www.w3.org/2001/XMLSchema-instance" xsi:schemaLocation="http://www.openarchives.org/OAI/2.0/ http://www.openarchives.org/OAI/2.0/OAI-PMH.xsd"><responseDate>2026-04-14T06:31:00Z</responseDate><request verb="GetRecord" identifier="oai:www.recercat.cat:2445/218175" metadataPrefix="marc">https://recercat.cat/oai/request</request><GetRecord><record><header><identifier>oai:recercat.cat:2445/218175</identifier><datestamp>2025-12-04T22:32:31Z</datestamp><setSpec>com_2072_1057</setSpec><setSpec>col_2072_478906</setSpec><setSpec>col_2072_478917</setSpec><setSpec>col_2072_478931</setSpec></header><metadata><record xmlns="http://www.loc.gov/MARC21/slim" xmlns:dcterms="http://purl.org/dc/terms/" xmlns:xsi="http://www.w3.org/2001/XMLSchema-instance" xmlns:doc="http://www.lyncode.com/xoai" xsi:schemaLocation="http://www.loc.gov/MARC21/slim http://www.loc.gov/standards/marcxml/schema/MARC21slim.xsd">
   <leader>00925njm 22002777a 4500</leader>
   <datafield ind2=" " ind1=" " tag="042">
      <subfield code="a">dc</subfield>
   </datafield>
   <datafield ind2=" " ind1=" " tag="720">
      <subfield code="a">Adan Puig, Ana</subfield>
      <subfield code="e">author</subfield>
   </datafield>
   <datafield ind2=" " ind1=" " tag="720">
      <subfield code="a">Marquez Arrico, Julia E.</subfield>
      <subfield code="e">author</subfield>
   </datafield>
   <datafield ind2=" " ind1=" " tag="720">
      <subfield code="a">Río Martínez, Laura</subfield>
      <subfield code="e">author</subfield>
   </datafield>
   <datafield ind2=" " ind1=" " tag="720">
      <subfield code="a">Navarro, José Francisco</subfield>
      <subfield code="e">author</subfield>
   </datafield>
   <datafield ind2=" " ind1=" " tag="720">
      <subfield code="a">Martinez Nicolas, Antonio</subfield>
      <subfield code="e">author</subfield>
   </datafield>
   <datafield ind2=" " ind1=" " tag="260">
      <subfield code="c">2025-01-29T16:33:40Z</subfield>
   </datafield>
   <datafield ind2=" " ind1=" " tag="260">
      <subfield code="c">2025-01-29T16:33:40Z</subfield>
   </datafield>
   <datafield ind2=" " ind1=" " tag="260">
      <subfield code="c">2024</subfield>
   </datafield>
   <datafield ind2=" " ind1=" " tag="260">
      <subfield code="c">2025-01-29T16:33:40Z</subfield>
   </datafield>
   <datafield ind2=" " ind1=" " tag="520">
      <subfield code="a">Circadian rhythmicity is associated to clinical variables that play an important role in both schizophrenia (SZ) and substance use disorders (SUD), although the characteristics of the coexistence of these two diagnoses (SZ +) remain mostly unknown. Hence, we studied a sample of 165 male patients divided in three groups each of 55, according to their diagnoses (SZ + , SZ, and SUD), as well as a healthy control (HC; n = 90) group. Alongside with sociodemographic and clinical variables, circadian rhythms were registered through a sleep–wake data structured interview, a circadian typology questionnaire, and distal skin temperature (DST) using the Thermochron iButton every 2 min during 48 h. Analyses showed that SZ + and SZ patients presented a longer sleep (delay in wake-up time) and mostly an intermediate circadian typology, while SUD patients slept less hours, displaying a morning typology. The DST showed the highest daily activation and stability for the SUD group, even when compared with the HC group. The presence of schizophrenia (SZ + and SZ) was related to a DST pattern with a reduced amplitude determined by a wakefulness impairment, which was more pronounced for SZ patients whose sleep period was adequate. The assessment of circadian rhythms in under treatment male patients with SZ should be focused on the diurnal period as a possible marker of either treatment adherence or patient's recovery, irrespective of the presence of a comorbid SUD. Further research with additional objective measures may provide knowledge transferable to therapeutic strategies and could be useful to establish possible endophenotypes in the future.</subfield>
   </datafield>
   <datafield tag="653" ind2=" " ind1=" ">
      <subfield code="a">Esquizofrènia</subfield>
   </datafield>
   <datafield tag="653" ind2=" " ind1=" ">
      <subfield code="a">Ritmes circadiaris</subfield>
   </datafield>
   <datafield tag="653" ind2=" " ind1=" ">
      <subfield code="a">Homes</subfield>
   </datafield>
   <datafield tag="653" ind2=" " ind1=" ">
      <subfield code="a">Abús de substàncies</subfield>
   </datafield>
   <datafield tag="653" ind2=" " ind1=" ">
      <subfield code="a">Schizophrenia</subfield>
   </datafield>
   <datafield tag="653" ind2=" " ind1=" ">
      <subfield code="a">Circadian rhythms</subfield>
   </datafield>
   <datafield tag="653" ind2=" " ind1=" ">
      <subfield code="a">Men</subfield>
   </datafield>
   <datafield tag="653" ind2=" " ind1=" ">
      <subfield code="a">Substance abuse</subfield>
   </datafield>
   <datafield ind2="0" ind1="0" tag="245">
      <subfield code="a">Circadian rhythmicity in schizophrenia male patients with and without substance use disorder comorbidity</subfield>
   </datafield>
</record></metadata></record></GetRecord></OAI-PMH>